000 00572nam a2200169Ia 4500
008 151213s9999 xx 000 0 und d
020 _a984-446039-5
100 _aসৈয়দ ওয়ালীউল্লাহ
245 _aউপন্যাস সমগ্র
_cসৈয়দ ওয়ালীউল্লাহ
250 _a১ম সং
260 _aঢাকা
_bপ্রতীক
_c1996
300 _a8337 p.
650 _aBangla
650 _aউপন্যাস
700 _aসৈয়দ ওয়ালীউল্লাহ
999 _c4179
_d4179